MAASAI MARA UNIVERSITY

LIBRARY CATALOGUE

Contact Us: +254 020 2685356/7 or 0774 057787

Box: 861-20500, NAROK, KENYA

Email: info@mmarau.ac.ke

_How to write research and term papers Guidelines for selecting topics,conducting research,writing and referencing sources Joseph M.Kavulya (Record no. 5501)

MARC details
000 -LEADER
fixed length control field 00540nam a2200145Ia 4500
008 - FIXED-LENGTH DATA ELEMENTS--GENERAL INFORMATION
fixed length control field 151021s9999 xx 000 0 und d
020 ## - INTERNATIONAL STANDARD BOOK NUMBER
International Standard Book Number 9966226028
050 ## - LIBRARY OF CONGRESS CALL NUMBER
Classification number LB2367.K2007
245 ## - TITLE STATEMENT
Title _How to write research and term papers Guidelines for selecting topics,conducting research,writing and referencing sources Joseph M.Kavulya
260 ## - PUBLICATION, DISTRIBUTION, ETC. (IMPRINT)
Place of publication, distribution, etc. Nairobi Jomo kenyatta foundation 2007
300 ## - PHYSICAL DESCRIPTION
Extent vii,135p.
500 ## - GENERAL NOTE
General note Includes bibliography and index.
650 ## - SUBJECT ADDED ENTRY--TOPICAL TERM
Topical term or geographic name as entry element _How to write research paper
980 ## - EQUIVALENCE OR CROSS-REFERENCE-SERIES STATEMENT--PERSONAL NAME/TITLE [LOCAL, CANADA]
Personal name ^d20101208 09:10:24^oanne

No items available.

© 2016 Maasai Mara University.